Raissi (Record no. 81627)

MARC details
000 -LEADER
fixed length control field 00826cab a22002055a 4500
001 - CONTROL NUMBER
control field L147745
008 - FIXED-LENGTH DATA ELEMENTS--GENERAL INFORMATION
fixed length control field 090612s2009 xxk f 000 0 eng d
035 ## - SYSTEM CONTROL NUMBER
System control number (Sirsi) u147745
041 0# - LANGUAGE CODE
Language code of text/sound track or separate title eng
100 1# - MAIN ENTRY--PERSONAL NAME
Personal name Kolinsky, Daniel
245 00 - TITLE STATEMENT
Title Raissi
Remainder of title the interpretation of planning policy
260 ## - PUBLICATION, DISTRIBUTION, ETC.
Date of publication, distribution, etc. 2009
490 ## - SERIES STATEMENT
Series statement JPL
Volume/sequential designation 5 2009, 554-569(16)
520 ## - SUMMARY, ETC.
Summary, etc. Explores the interpretation of planning policy and whether a new approach is likely to emerge following a decision of the Court of Appeal in the Raissi v Secretary of State for the Home Department [2008] 3 WLR 375 CA (Civ Div).
590 ## - LOCAL NOTE (RLIN)
Local note KA
650 24 - SUBJECT ADDED ENTRY--TOPICAL TERM
Topical term or geographic name entry element R. (ON THE APPLICATION OF RAISSI) v SECRETARY OF STATE FOR THE HOME DEPARTMENT
651 #4 - SUBJECT ADDED ENTRY--GEOGRAPHIC NAME
Geographic name United Kingdom
Chronological subdivision
690 ## - LOCAL SUBJECT ADDED ENTRY--TOPICAL TERM (OCLC, RLIN)
Topical term or geographic name as entry element BUILT ENVIRONMENT-CONSTRUCTION MANAGEMENT-CONSTRUCTION PLANNING
942 ## - ADDED ENTRY ELEMENTS (KOHA)
Suppress in OPAC 0
Holdings
Withdrawn status Lost status Source of classification or shelving scheme Damaged status Not for loan Home library Current library Shelving location Date acquired Total Checkouts Full call number Barcode Date last seen Copy number Price effective from Koha item type
    Dewey Decimal Classification     London London Journal article 12/06/2009   L147745 L147745 06/08/2019 1 06/08/2019 Journal article